Reproducción asistida, filosofía ética y filosofía jurídica
Uloženo v:
| Hlavní autor: | |
|---|---|
| Médium: | Kniha |
| Jazyk: | španělština |
| Vydáno: |
Madrid
Tecnos
1998
|
| Edice: | Colección Ventana Abierta, Derecho y Realidad
|
| Témata: | |
| Tagy: |
Přidat tag
Žádné tagy, Buďte první, kdo vytvoří štítek k tomuto záznamu!
|
MARC
| LEADER | 00000nam a2200000 a 4500 | ||
|---|---|---|---|
| 001 | UCP5739 | ||
| 003 | CL-VaPUC | ||
| 008 | 990927e19980000SP |||||||||||||||||spa|d | ||
| 082 | 0 | 4 | |a 176 |b JUN |2 21 |
| 100 | 0 | |a Junquera de Estéfani, Rafael |e author |9 434303 | |
| 245 | 1 | 0 | |a Reproducción asistida, filosofía ética y filosofía jurídica |
| 300 | |a 170 p | ||
| 942 | |c BK | ||
| 945 | |d 19990927 00:00:00 |a vberengu | ||
| 260 | |a Madrid |b Tecnos |c 1998 | ||
| 650 | 0 | |a Bioética |9 256117 | |
| 650 | 0 | |a Etica y derecho |9 341370 | |
| 650 | 0 | |a Eutanasia |9 255102 | |
| 650 | 0 | |a Fertilización in vitro |9 374025 | |
| 650 | 0 | |a Inseminación artificial |9 338967 | |
| 650 | 7 | |a REPRODUCCION ARTIFICIAL |2 CL-VaPUC |9 374023 | |
| 583 | |a last modification |c 19990927 00:00:00 |k Rodrigo Vera | ||
| 490 | 0 | |a Colección Ventana Abierta, Derecho y Realidad | |
| 999 | |c 283409 |d 283407 | ||
| 952 | |0 0 |1 0 |4 0 |6 176_000000000000000_JUN_1998 |7 0 |8 DER_TF |9 326561 |a BIBDER |b BIBDER |d 2019-11-20 |i 3539296 |o 176 JUN 1998 |p 3539296 |r 2023-01-25 |w 2019-11-20 |x Ubicación 4to Piso |y BK |z Estos recursos deben solicitarse con anticipación |k DER | ||